Candidates for the 7 New Wonders - Statistics

General Stats
  • This quiz has been taken 31 times
  • The average score is 12 of 21
Answer Stats
Country Wonder % Correct
China Great Wall of China
100%
India Taj Mahal
100%
Italy Colosseum
93%
Peru Machu Picchu
89%
Jordan Petra
89%
Brazil Christ the Redeemer
86%
France Eiffel Tower
82%
Mexico Chichen Itza
71%
United Kingdom (England) Stonehenge
64%
Cambodia Angkor Wat
61%
Turkey Hagia Sophia
61%
Greece Acropolis
57%
Australia Sydney Opera House
54%
Russia Kremlin
46%
Mali Timbuktu
46%
Spain Alhambra
43%
United States Statue of Liberty
36%
Chile Easter Island Statues
32%
Germany Neuschwanstein Castle
18%
Egypt Pyramids of Giza
11%
Japan Kyomizu Temple
7%
No matching quizzes found
Score Distribution
Percent of People with Each Score
Percentile by Number Answered
Your Score History
You have not taken this quiz